00663cam a2200193 a 4500001001000000003000900010005001700019007000300036008004100039040002500080082003100105100004300136245009800179250001100277260004200288300002100330500007300351650004500424000003445DO-SdBNP20220829094713.0ta840208s1967 sp 001 0 spa  aDO-SdBNPbspacBNPHU 4a809.93351bS729p, 19672221 aSouvirón, José María,d1904-197313aEl principe de este siglo :bla literatura moderna y el demonio /cJosé María Souvirón. a2a ed. aMadrid :bCultura Hispánica,c1967. a310 p. ;c21 cm. aIncluye referencias bibliográficas y notas al pie de las páginas 4aLiteratura modernaxHistoria y crítica